[Event "Mistrovstvi CR senioru nad 60 let"]
[Site "Rychnov nad Kneznou"]
[Date "2015.08.16"]
[Round "2.14"]
[White "Laska, Zdenek"]
[Black "Mlynek, Petr"]
[Result "0-1"]
[WhiteElo "1797"]
[BlackElo "2197"]
[PlyCount "104"]
[EventDate "2015.08.15"]

1. d4 f5 2. Nf3 g6 3. g3 Bg7 4. Bg2 Nf6 5. O-O O-O 6. c4 d6 7. Nc3 c6 8. d5 e5
9. dxe6 Bxe6 10. Nd2 Nbd7 11. Rb1 Nb6 12. b3 d5 13. cxd5 Nfxd5 14. Nxd5 Nxd5
15. Bb2 Nc3 16. Bxc3 Bxc3 17. Nf3 Qf6 18. Qc2 Rad8 19. Rbd1 Ba5 20. Rxd8 Rxd8
21. e3 Bb6 22. Rd1 g5 23. Rxd8+ Qxd8 24. Qd2 Qxd2 25. Nxd2 Kf7 26. Kf1 Bc7 27.
Nf3 Kf6 28. Nd4 Bf7 29. f4 h6 30. Ke2 a6 31. Nc2 Ba5 32. Kd3 Bh5 33. Bh1 Be8
34. Bg2 b5 35. e4 gxf4 36. gxf4 fxe4+ 37. Bxe4 c5 38. Ne3 Bd8 39. Ng4+ Kg7 40.
Ne3 Bc7 41. Nd5 Bd6 42. Ke3 Bf7 43. Kd3 a5 44. Ke3 h5 45. Nc3 c4 46. bxc4 Bc5+
47. Kd2 Bxc4 48. Bd5 Bxd5 49. Nxd5 Kg6 50. Ke2 Kf5 51. Kf3 b4 52. h4 a4 0-1

[Event "Mistrovstvi CR senioru nad 60 let"]
[Site "Rychnov nad Kneznou"]
[Date "2015.08.16"]
[Round "2.15"]
[White "Kindl, Frantisek"]
[Black "Juricek, Stanislav"]
[Result "0-1"]
[WhiteElo "1810"]
[BlackElo "2112"]
[PlyCount "82"]
[EventDate "2015.08.15"]

1. c4 e5 2. Nc3 Nc6 3. g3 g6 4. Bg2 Bg7 5. d3 d6 6. Nf3 Nf6 7. Rb1 a5 8. O-O h6
9. a3 Be6 10. Bd2 Qd7 11. b4 axb4 12. axb4 O-O 13. Qc2 Ne7 14. e4 c6 15. Na4
Qc7 16. Be3 Nd7 17. c5 d5 18. Nb6 Rad8 19. Rfd1 f5 20. exd5 Nxd5 21. Nxd5 Bxd5
22. d4 Be4 23. Qb3+ Kh7 24. Rbc1 f4 25. gxf4 exf4 26. Bd2 Nf6 27. Bc3 Qd7 28.
Ne5 Qf5 29. Bb2 Bxg2 30. Kxg2 Nd5 31. Qd3 Qg5+ 32. Kf1 Nxb4 33. Qb3 Bxe5 34.
Qxb4 f3 35. Qxb7+ Kg8 36. Rd3 Qg2+ 37. Ke1 Qg1+ 38. Kd2 Qxf2+ 39. Kc3 Rxd4 40.
Rxd4 Qxd4+ 41. Kc2 Qe4+ 0-1

[Event "Mistrovstvi CR senioru nad 60 let"]
[Site "Rychnov nad Kneznou"]
[Date "2015.08.16"]
[Round "2.16"]
[White "Jablecnik, Gustav"]
[Black "Pokorny, Jan"]
[Result "1-0"]
[WhiteElo "2102"]
[BlackElo "1803"]
[PlyCount "61"]
[EventDate "2015.08.15"]

1. e4 d6 2. d4 Nf6 3. Nc3 g6 4. Bc4 Bg7 5. Qe2 O-O 6. e5 Ne8 7. Bg5 dxe5 8.
dxe5 Be6 9. Bxe6 fxe6 10. Rd1 Nd7 11. Qd2 Rf5 12. f4 h6 13. g4 Rf7 14. Bh4 Qc8
15. Qxd7 Rxf4 16. Nge2 Rxg4 17. Bxe7 Qxd7 18. Rxd7 Bxe5 19. Rf1 Ng7 20. h3 Rg2
21. Bf6 Bxf6 22. Rxf6 Rc8 23. Kf1 Rg5 24. Ne4 Rf5+ 25. Rxf5 Nxf5 26. Nf6+ Kf8
27. Rh7 Rd8 28. Nf4 Ng7 29. Rxg7 Rd1+ 30. Ke2 Kxg7 31. Ne8+ 1-0

[Event "Mistrovstvi CR senioru nad 60 let"]
[Site "Rychnov nad Kneznou"]
[Date "2015.08.16"]
[Round "2.17"]
[White "Koudelka, Milos"]
[Black "Drabek, Miloslav"]
[Result "0-1"]
[WhiteElo "1770"]
[BlackElo "2079"]
[PlyCount "94"]
[EventDate "2015.08.15"]

1. c4 d6 2. Nc3 Nf6 3. g3 e5 4. Bg2 Be7 5. d3 c6 6. Nf3 O-O 7. O-O h6 8. Qc2
Be6 9. b3 Nbd7 10. Bb2 d5 11. Rad1 d4 12. Nb1 Qc7 13. Bc1 a5 14. e3 dxe3 15.
Bxe3 Bf5 16. Nh4 Bg4 17. f3 Be6 18. Qf2 g5 19. g4 gxh4 20. Qxh4 Nd5 21. Qxh6
Nxe3 22. Qxe3 Bc5 23. d4 Be7 24. Qh6 Bf6 25. d5 cxd5 26. cxd5 Qc5+ 27. Kh1 Bxd5
28. Qh3 Bg7 29. g5 Be6 30. Qh4 Rfd8 31. f4 exf4 32. Rxf4 Ne5 33. Rff1 Ng6 34.
Qe4 Rxd1 35. Rxd1 Qxg5 36. Qxb7 Rd8 37. Rg1 Bd4 38. Rf1 Bd5 39. Bxd5 Qxd5+ 40.
Qxd5 Rxd5 41. Na3 Bc3 42. Nc4 Kg7 43. Ne3 Rd2 44. Nd1 Bd4 45. a3 Ne5 46. b4 a4
47. b5 Ng4 0-1

[Event "Mistrovstvi CR senioru nad 60 let"]
[Site "Rychnov nad Kneznou"]
[Date "2015.08.16"]
[Round "2.18"]
[White "Mares, Ilja"]
[Black "Demeter, Istvan"]
[Result "1/2-1/2"]
[WhiteElo "1787"]
[BlackElo "2025"]
[PlyCount "45"]
[EventDate "2015.08.15"]

1. Nf3 Nf6 2. c4 g6 3. Nc3 Bg7 4. e4 d6 5. d4 O-O 6. Be2 c6 7. O-O Qc7 8. h3 e5
9. Be3 Nbd7 10. Qd2 Re8 11. d5 c5 12. Bd3 Nf8 13. Nb5 Qb8 14. Nh2 N6d7 15. g4
h5 16. f4 a6 17. Nc3 hxg4 18. hxg4 exf4 19. Bxf4 Ne5 20. Bxe5 Rxe5 21. g5 Nd7
22. Nf3 Re7 23. Qf4 1/2-1/2

[Event "Mistrovstvi CR senioru nad 60 let"]
[Site "Rychnov nad Kneznou"]
[Date "2015.08.16"]
[Round "2.19"]
[White "Palla, Stanislav"]
[Black "Kotva, Milan"]
[Result "1/2-1/2"]
[WhiteElo "1738"]
[BlackElo "2006"]
[PlyCount "83"]
[EventDate "2015.08.15"]

1. e4 e5 2. Nf3 Nc6 3. Bb5 Nf6 4. d3 d6 5. h3 Be7 6. O-O O-O 7. Be3 a6 8. Ba4
b5 9. Bb3 Na5 10. Nbd2 Nxb3 11. axb3 c5 12. c4 Rb8 13. Ra2 Ne8 14. g4 Nc7 15.
Kg2 Ne6 16. Rh1 Nf4+ 17. Bxf4 exf4 18. d4 Bb7 19. d5 Bf6 20. Ne1 Be5 21. Nd3
Re8 22. Nf3 f6 23. Qd2 g5 24. Nfxe5 fxe5 25. f3 Bc8 26. Qe1 bxc4 27. bxc4 Rb3
28. Qd2 Re7 29. Ra3 Qb6 30. Re1 Rxa3 31. bxa3 a5 32. Re2 Qa6 33. Qc3 Qa7 34.
Rb2 Rb7 35. Rxb7 Bxb7 36. Qb3 Kf7 37. Nb2 Ke7 38. Na4 Ba6 39. Nb2 Qb7 40. Qxb7+
Bxb7 41. Kf2 Kd7 42. a4 1/2-1/2

[Event "Mistrovstvi CR senioru nad 60 let"]
[Site "Rychnov nad Kneznou"]
[Date "2015.08.16"]
[Round "2.20"]
[White "Zboril, Jaroslav"]
[Black "Palla, Rostislav"]
[Result "1/2-1/2"]
[WhiteElo "1998"]
[BlackElo "1790"]
[PlyCount "46"]
[EventDate "2015.08.15"]

1. Nf3 Nf6 2. b3 g6 3. Bb2 Bg7 4. c4 O-O 5. e3 d5 6. d4 c5 7. Be2 Nc6 8. O-O
dxc4 9. Bxc4 cxd4 10. Nxd4 Nxd4 11. Bxd4 Qc7 12. Nd2 Ng4 13. Nf3 Bxd4 14. Qxd4
e5 15. Qb2 e4 16. h3 exf3 17. hxg4 fxg2 18. Kxg2 Bxg4 19. Qd4 Bd7 20. Bd5 Bc6
21. e4 Qf4 22. Bxc6 Qg4+ 23. Kh2 Qh4+ 1/2-1/2

[Event "Mistrovstvi CR senioru nad 60 let"]
[Site "Rychnov nad Kneznou"]
[Date "2015.08.16"]
[Round "2.21"]
[White "Sobotnik, Petr"]
[Black "Korinek, Jaroslav"]
[Result "1-0"]
[WhiteElo "1984"]
[BlackElo "1720"]
[PlyCount "49"]
[EventDate "2015.08.15"]

1. c4 Nf6 2. Nc3 c6 3. d4 d5 4. e3 g6 5. Nf3 Bg7 6. Bd3 O-O 7. O-O Nbd7 8. Bd2
Re8 9. cxd5 Nxd5 10. Qb3 N7b6 11. e4 Nxc3 12. bxc3 Be6 13. Qc2 Bg4 14. Be2 e5
15. Bg5 Qc7 16. Rfd1 Rac8 17. Rab1 Re6 18. h3 Bxf3 19. Bxf3 Ree8 20. Bg4 Ra8
21. a4 h5 22. Bf3 Rac8 23. Qb3 Rb8 24. Be3 exd4 25. cxd4 1-0

[Event "Mistrovstvi CR senioru nad 60 let"]
[Site "Rychnov nad Kneznou"]
[Date "2015.08.16"]
[Round "2.22"]
[White "Tejcek, Bohumil"]
[Black "Dolezal, Radoslav"]
[Result "0-1"]
[WhiteElo "1689"]
[BlackElo "1964"]
[PlyCount "70"]
[EventDate "2015.08.15"]

1. Nf3 Nf6 2. Nc3 d5 3. d4 g6 4. Bg5 Bg7 5. e3 Bf5 6. Ne5 Ne4 7. Nxe4 Bxe4 8.
Nd3 Nd7 9. Rc1 c6 10. Qd2 O-O 11. Qb4 f6 12. Bf4 b6 13. f3 Bf5 14. c4 e5 15.
dxe5 fxe5 16. Bg3 e4 17. Nf4 c5 18. Qd2 d4 19. fxe4 Bxe4 20. Ne6 Qf6 21. Nxf8
Rxf8 22. Bd3 dxe3 23. Qxe3 Bxd3 24. Qxd3 Re8+ 25. Kd1 Ne5 26. Qd5+ Nf7 27. Re1
Rd8 28. Qxd8+ Qxd8+ 29. Kc2 Nd6 30. Rcd1 Bd4 31. Bxd6 Qxd6 32. Re8+ Kf7 33.
Rde1 Bf6 34. R1e2 Qd4 35. Kb3 Qd3+ 0-1

[Event "Mistrovstvi CR senioru nad 60 let"]
[Site "Rychnov nad Kneznou"]
[Date "2015.08.16"]
[Round "2.23"]
[White "Divisek, Jiri"]
[Black "Sibl, Vaclav"]
[Result "0-1"]
[WhiteElo "1607"]
[BlackElo "1936"]
[PlyCount "124"]
[EventDate "2015.08.15"]

1. e4 d6 2. h3 Nf6 3. Nc3 e5 4. Bc4 c6 5. d3 Nbd7 6. a3 Be7 7. Nf3 O-O 8. O-O
b5 9. Ba2 Qc7 10. Bg5 h6 11. Bh4 a6 12. b4 Re8 13. Nh2 Nf8 14. Bg3 Be6 15. f4
Bxa2 16. Rxa2 N8d7 17. Qf3 exf4 18. Bxf4 Ne5 19. Bxe5 dxe5 20. Ng4 Bd8 21. Ne2
Qd7 22. Nxf6+ Bxf6 23. Qf5 Qxf5 24. Rxf5 a5 25. c3 Red8 26. Rf3 Rd7 27. Rb2
axb4 28. axb4 Ra1+ 29. Kh2 Rd1 30. c4 R1xd3 31. cxb5 cxb5 32. Nc3 R3d4 33. Re3
Bg5 34. Ree2 Bf4+ 35. g3 Bxg3+ 36. Kg2 Bf4 37. Nd5 Ra7 38. Rbc2 Rd1 39. Rf2 Rb1
40. Rc5 Rb7 41. Rc8+ Kh7 42. Re2 Rb3 43. Rc3 Rxc3 44. Nxc3 g6 45. Nd5 Kg7 46.
Rf2 Ra7 47. Nxf4 exf4 48. Rxf4 Ra2+ 49. Kg3 Rb2 50. e5 Re2 51. Rf6 Rxe5 52. Rb6
g5 53. Rb7 Kg6 54. Kf3 f6 55. Rb6 h5 56. Kg3 Kf5 57. Kf3 g4+ 58. hxg4+ hxg4+
59. Kf2 Kg5 60. Rb8 Kf4 61. Rb6 f5 62. Rg6 Re4 0-1

[Event "Mistrovstvi CR senioru nad 60 let"]
[Site "Rychnov nad Kneznou"]
[Date "2015.08.16"]
[Round "2.24"]
[White "Pavlis, Jaromir"]
[Black "Dvorak, Eduard"]
[Result "1-0"]
[WhiteElo "1923"]
[BlackElo "1697"]
[PlyCount "34"]
[EventDate "2015.08.15"]

1. d4 d5 2. Nf3 Nf6 3. Bf4 Bf5 4. e3 e6 5. Bd3 Bxd3 6. Qxd3 c6 7. Nbd2 Bd6 8.
Bxd6 Qxd6 9. O-O Nbd7 10. c4 b6 11. cxd5 cxd5 12. Rfc1 O-O 13. Rc3 Rfc8 14.
Rac1 Rxc3 15. Qxc3 h6 16. h3 b5 17. Qc6 Qb4 1-0

[Event "Mistrovstvi CR senioru nad 60 let"]
[Site "Rychnov nad Kneznou"]
[Date "2015.08.16"]
[Round "2.25"]
[White "Janecek, Frantisek"]
[Black "Klimes, Jiri"]
[Result "1/2-1/2"]
[WhiteElo "1697"]
[BlackElo "1882"]
[PlyCount "88"]
[EventDate "2015.08.15"]

1. c4 e5 2. Nc3 Nf6 3. g3 d5 4. cxd5 Nxd5 5. Bg2 c6 6. Nf3 Bd6 7. O-O O-O 8. d3
Nd7 9. Ne4 Be7 10. d4 exd4 11. Nxd4 N7f6 12. e3 Re8 13. a3 Qb6 14. Qc2 g6 15.
Rb1 Nxe4 16. Bxe4 Bf6 17. Rd1 Bxd4 18. Rxd4 Nf6 19. Bd3 Be6 20. b4 Rad8 21. Bb2
Rxd4 22. Bxd4 Qd8 23. Qb2 Nh5 24. Be2 Bf5 25. Rc1 Bh3 26. Bf1 Bxf1 27. Rxf1 Re6
28. f4 f5 29. Qb3 Kf7 30. Rd1 Qd5 31. Qxd5 cxd5 32. Be5 Nf6 33. h3 Rc6 34. Bxf6
Kxf6 35. Rxd5 Rc3 36. Rd7 Rxe3 37. Kf2 Rxa3 38. Rxb7 h5 39. b5 Ke6 40. Rc7 Rb3
41. Rxa7 Rxb5 42. Ra6+ Kf7 43. Ra3 Ke6 44. Kf3 Kd5 1/2-1/2

[Event "Mistrovstvi CR senioru nad 70 let a nad 80 let"]
[Site "Rychnov nad Kneznou"]
[Date "2015.08.16"]
[Round "2.1"]
[White "Pecka, Frantisek"]
[Black "Zeman, Ladislav"]
[Result "1-0"]
[WhiteElo "2069"]
[BlackElo "1849"]
[PlyCount "0"]
[EventDate "2015.08.15"]
[PlyCount "73"]

1. e4 e5 2. Nf3 Nc6 3. Bc4 Be7 4. d4 d6 5. h3 exd4 6. Nxd4 Nxd4 7. Qxd4 Bf6 8.
Qd5 Qd7 9. O-O c6 10. Qh5 Bd8 11. Nc3 Nf6 12. Qe2 O-O 13. Bd3 Re8 14. f4 b5 15.
a3 Kh8 16. Qf3 Bc7 17. Bd2 Bb7 18. Rae1 Rab8 19. Be3 a6 20. Ba7 Ra8 21. Bd4 Bd8
22. Bxf6 Bxf6 23. e5 Be7 24. e6 fxe6 25. Qh5 g6 26. Bxg6 Bf6 27. Bxe8 Rxe8 28.
f5 Rg8 29. fxe6 c5 30. Rxf6 Qg7 31. Rf2 Qd4 32. g4 Bf3 33. Kf1 b4 34. axb4 cxb4
35. e7 Bc6 36. e8=Q Bxe8 37. Rxe8 1-0

[Event "Mistrovstvi CR senioru nad 70 let a nad 80 let"]
[Site "Rychnov nad Kneznou"]
[Date "2015.08.16"]
[Round "2.2"]
[White "Tomandl, Vladimir"]
[Black "Mesiarik, Rudolf"]
[Result "0-1"]
[WhiteElo "1861"]
[BlackElo "2049"]
[PlyCount "0"]
[EventDate "2015.08.15"]
[PlyCount "98"]

1. e4 c5 2. Nf3 Nc6 3. d4 cxd4 4. Nxd4 e5 5. Nb3 Nf6 6. Nc3 Bb4 7. Bg5 h6 8.
Bxf6 Bxc3+ 9. bxc3 Qxf6 10. Bc4 O-O 11. Qf3 Qxf3 12. gxf3 Rd8 13. O-O-O Kf8 14.
Rd6 Ke7 15. Rhd1 Nd4 16. cxd4 Kxd6 17. dxe5+ Ke7 18. Rd6 b6 19. Nd4 Bb7 20.
Nf5+ Kf8 21. Rd4 Bc6 22. Nd6 Rdb8 23. Nxf7 b5 24. Bb3 a5 25. Nh8 a4 26. Ng6+
Ke8 27. Bd5 Ra6 28. Nf4 Bxd5 29. exd5 b4 30. Nd3 b3 31. a3 bxc2 32. Nb4 Ra5 33.
Kxc2 Rc5+ 34. Kd3 Rbc8 35. Ke4 Rc4 36. Nc6 Rc3 37. Na7 R8c4 38. Nb5 Rxd4+ 39.
Kxd4 Rxf3 40. Kc5 Rxf2 41. Kd6 Rxh2 42. Nc7+ Kd8 43. e6 dxe6 44. Nxe6+ Ke8 45.
Nc7+ Kf7 46. Kd7 Rh3 47. d6 Rxa3 48. Nb5 Rd3 49. Kc6 a3 0-1

[Event "Mistrovstvi CR senioru nad 70 let a nad 80 let"]
[Site "Rychnov nad Kneznou"]
[Date "2015.08.16"]
[Round "2.3"]
[White "Pojedziniec, Wladyslaw"]
[Black "Zikmund, Jaroslav"]
[Result "1-0"]
[WhiteElo "2048"]
[BlackElo "1830"]
[PlyCount "0"]
[EventDate "2015.08.15"]
[PlyCount "100"]

1. d4 d5 2. c4 e6 3. Nf3 Nf6 4. Nc3 Nbd7 5. e3 a6 6. a4 dxc4 7. Bxc4 Nb6 8. Bd3
Nbd5 9. O-O Be7 10. e4 Nxc3 11. bxc3 c5 12. Qe2 cxd4 13. cxd4 O-O 14. Bf4 Bd7
15. Ne5 Rc8 16. Rfb1 Bc6 17. Nxc6 bxc6 18. Be3 a5 19. Rc1 Bb4 20. Rc4 Qd7 21.
Qc2 Rfd8 22. e5 Nd5 23. Bxh7+ Kh8 24. Be4 Rc7 25. Bg5 Rdc8 26. Qd3 f5 27. exf6
gxf6 28. Bxd5 exd5 29. Bxf6+ Kg8 30. Qg6+ Kf8 31. Qh6+ Kg8 32. Rc2 Qh7 33. Qg5+
Kf7 34. Re2 Rg8 35. Qf4 Kg6 36. Re6 Qf7 37. Be5+ Qxe6 38. Bxc7 Re8 39. h4 Qf5
40. Rc1 Qxf4 41. Bxf4 Kf5 42. Be3 Re6 43. g3 Ke4 44. Kg2 Kd3 45. h5 Ba3 46. Rh1
Re7 47. h6 Rh7 48. g4 Ke4 49. Rh5 Bd6 50. Rf5 Bc7 1-0

[Event "Mistrovstvi CR senioru nad 70 let a nad 80 let"]
[Site "Rychnov nad Kneznou"]
[Date "2015.08.16"]
[Round "2.4"]
[White "Mutina, Antonin"]
[Black "Volf, Jaroslav"]
[Result "0-1"]
[WhiteElo "1847"]
[BlackElo "2045"]
[PlyCount "88"]
[EventDate "2015.08.15"]

1. d4 Nf6 2. Bg5 e6 3. Nf3 Be7 4. e3 b6 5. Bd3 Bb7 6. Nbd2 d5 7. c3 Nbd7 8. O-O
h6 9. Bh4 Ne4 10. Bg3 Nxg3 11. hxg3 Bf6 12. e4 dxe4 13. Nxe4 O-O 14. Nxf6+ Qxf6
15. Nd2 e5 16. Qg4 Rad8 17. Be4 Bc8 18. Nb3 Nc5 19. Qf3 Qxf3 20. Bxf3 Nxb3 21.
axb3 exd4 22. cxd4 Rxd4 23. Rxa7 c5 24. Rd1 Rxd1+ 25. Bxd1 Rd8 26. Be2 Be6 27.
Bc4 Bxc4 28. bxc4 Rd1+ 29. Kh2 Rd2 30. b3 Rb2 31. Ra3 f5 32. f3 Kf7 33. Kh3 Kf6
34. f4 g5 35. fxg5+ hxg5 36. Kh2 Rb1 37. Ra8 Rxb3 38. Rf8+ Kg6 39. Rg8+ Kh5 40.
Re8 Kg4 41. Re6 Rxg3 42. Rxb6 Rc3 43. Rb2 Rxc4 44. Rb3 f4 0-1

[Event "Mistrovstvi CR senioru nad 70 let a nad 80 let"]
[Site "Rychnov nad Kneznou"]
[Date "2015.08.16"]
[Round "2.5"]
[White "Chmelik, Jiri"]
[Black "Haderka, Karel"]
[Result "1-0"]
[WhiteElo "1981"]
[BlackElo "1820"]
[PlyCount "63"]
[EventDate "2015.08.15"]

1. d4 d5 2. Nf3 Nf6 3. c4 c6 4. Nc3 g6 5. Bf4 Qa5 6. Nd2 Bg7 7. e3 O-O 8. Be2
Nbd7 9. O-O Re8 10. Nb3 Qd8 11. cxd5 Nxd5 12. Nxd5 cxd5 13. Rc1 e6 14. Nc5 Nxc5
15. Rxc5 Bd7 16. Qd2 b6 17. Rc2 Rc8 18. Rxc8 Bxc8 19. Rc1 e5 20. dxe5 Bxe5 21.
Bxe5 Rxe5 22. Bf3 Bb7 23. Qd4 f6 24. h4 Qe7 25. g3 Kg7 26. Rc3 h6 27. Bg2 g5
28. f4 gxf4 29. gxf4 Rh5 30. f5 Qf7 31. Qf4 Kh8 32. Qb8+ 1-0

[Event "Mistrovstvi CR senioru nad 70 let a nad 80 let"]
[Site "Rychnov nad Kneznou"]
[Date "2015.08.16"]
[Round "2.6"]
[White "Csizmadia, Lajos"]
[Black "Bohuslav, Jan"]
[Result "1-0"]
[WhiteElo "1826"]
[BlackElo "1961"]
[PlyCount "66"]
[EventDate "2015.08.15"]

1. e4 e5 2. Nf3 Nc6 3. d4 exd4 4. Bc4 Bc5 5. c3 d6 6. cxd4 Bb6 7. h3 Qf6 8. Be3
h6 9. Nc3 Nge7 10. O-O g5 11. e5 dxe5 12. dxe5 Nxe5 13. Nxe5 Qxe5 14. Bxb6 axb6
15. Re1 Qc5 16. Qe2 Kf8 17. Rad1 Bf5 18. g4 Bg6 19. Rd7 Nc6 20. Rxc7 Kg7 21.
Qf1 Rhe8 22. Rxe8 Rxe8 23. Bb5 Qd6 24. Rxb7 Re5 25. Rxb6 Qe7 26. Qc4 Re1+ 27.
Kg2 Ne5 28. Qd4 Kh7 29. Rd6 Rg1+ 30. Kxg1 Nf3+ 31. Kg2 Qe1 32. Kxf3 Qh1+ 33.
Ke2 Qxh3 1-0

[Event "Mistrovstvi CR senioru nad 70 let a nad 80 let"]
[Site "Rychnov nad Kneznou"]
[Date "2015.08.16"]
[Round "2.7"]
[White "Glembek, Bohumir"]
[Black "Most, Zdenek"]
[Result "0-1"]
[WhiteElo "1817"]
[BlackElo "2033"]
[PlyCount "44"]
[EventDate "2015.08.15"]

1. d4 Nf6 2. c4 g6 3. Nc3 d5 4. cxd5 Nxd5 5. e4 Nxc3 6. bxc3 Bg7 7. Bc4 c5 8.
Ne2 Nc6 9. Be3 cxd4 10. cxd4 Qa5+ 11. Bd2 Qc7 12. Rc1 O-O 13. O-O e6 14. Be3
Qd6 15. d5 exd5 16. Bxd5 Rd8 17. Bxc6 bxc6 18. Qxd6 Rxd6 19. Bc5 Re6 20. Ng3
Ba6 21. Rfd1 Bb5 22. Bxa7 Rxa7 0-1

[Event "Mistrovstvi CR senioru nad 70 let a nad 80 let"]
[Site "Rychnov nad Kneznou"]
[Date "2015.08.16"]
[Round "2.8"]
[White "Vitek, Vaclav"]
[Black "Tobiska, Jaroslav"]
[Result "1-0"]
[WhiteElo "2038"]
[BlackElo "1696"]
[PlyCount "73"]
[EventDate "2015.08.15"]

1. f4 Nf6 2. Nf3 e6 3. b3 b6 4. Bb2 Bb7 5. e3 Be7 6. Be2 O-O 7. O-O d5 8. Ne5
Nfd7 9. Qe1 Bh4 10. g3 Bf6 11. d4 c5 12. Nd2 g6 13. Ndf3 Bg7 14. Bb5 a6 15.
Bxd7 Nxd7 16. Rd1 Rc8 17. c4 a5 18. cxd5 Bxd5 19. dxc5 Nxc5 20. Ba3 Re8 21.
Bxc5 Rxc5 22. e4 f6 23. Nd3 Rc2 24. Rf2 Qc8 25. Rxc2 Qxc2 26. exd5 Qxa2 27. Nd4
Qa3 28. Nf2 e5 29. Rd3 Kf7 30. Ne6 exf4 31. gxf4 Bh6 32. Re3 Qb4 33. Qxb4 axb4
34. Ng4 Bf8 35. Nxf8 f5 36. Nxh7 fxg4 37. Rxe8 1-0

[Event "Mistrovstvi CR senioru nad 70 let a nad 80 let"]
[Site "Rychnov nad Kneznou"]
[Date "2015.08.16"]
[Round "2.9"]
[White "Macura, Emil"]
[Black "Tolar, Jan"]
[Result "1-0"]
[WhiteElo "2016"]
[BlackElo "1653"]
[PlyCount "45"]
[EventDate "2015.08.15"]

1. c4 f5 2. d4 Nf6 3. g3 e6 4. Bg2 c6 5. Nd2 d5 6. e3 Bb4 7. Ngf3 Ne4 8. Qc2
O-O 9. O-O Qe8 10. a3 Bd6 11. b4 a6 12. Bb2 Nd7 13. Ne5 Qh5 14. Rae1 Rf6 15. f4
Rh6 16. Ndf3 Ndf6 17. Qe2 Ng4 18. Nh4 Be7 19. Bf3 Bxh4 20. Bxg4 Qxg4 21. Nxg4
Rg6 22. Ne5 Bxg3 23. hxg3 {dale necitelne} 1-0

[Event "Mistrovstvi CR senioru nad 50 let"]
[Site "Pelcovo divadlo Rychnov nad Kneznou, Panska ulice"]
[Date "2015.08.17"]
[Round "3.1"]
[White "Elias, Miroslav"]
[Black "Kozak, Milos"]
[Result "1/2-1/2"]
[WhiteElo "2083"]
[BlackElo "2160"]
[EventDate "2015.08.15"]

1. e4  e5  2. d4  exd4  
3. Qxd4  Nc6  4. Qe3
Nf6  5. Nc3  Bb4
6. Bd2  O-O  7. O-O-O
Re8  8. Bc4  d6
9. f3  Na5  10. Bf1  Be6
11. Qg5  Nc4  12. Bxc4
Bxc4  13. a3  Bc5
14. Qh4  Nd7  15. Qg3
Kh8  16. Nh3  1/2-1/2

[Event "Mistrovstvi CR senioru nad 50 let"]
[Site "Pelcovo divadlo Rychnov nad Kneznou, Panska ulice"]
[Date "2015.08.17"]
[Round "3.2"]
[White "Urban, Zdenek"]
[Black "Malinovsky, Petr"]
[Result "1-0"]
[WhiteElo "2128"]
[BlackElo "2006"]
[EventDate "2015.08.15"]

1. c4  e6  2. g3  d5
3. Bg2  Nf6  4. Nf3
c6  5. b3  Be7
6. O-O  O-O  7. d3  Nbd7
8. Bb2  b6  9. e4
dxe4  10. dxe4  Qc7
11. e5  Ne8  12. Qe2
Bb7  13. Nbd2  c5
14. Rad1  Rd8  15. Ne4
Nb8  16. Rxd8  Bxd8
17. Rd1  Be7  18. Qd3
f5  19. Nd6  Bc6
20. h4  Qd7  21. a4
a6  22. Bc1  Nxd6
23. exd6  Bf6  24. Qe2
Re8  25. Bg5  e5
26. Bxf6  gxf6  27. Bh3
Bb7  28. Nd2  Qc6
29. Kh2  Qxd6  30. Ne4
Qc6  31. Bxf5  Kh8
32. Qh5  Qc7  33. Qxe8+
1-0

[Event "Mistrovstvi CR senioru nad 50 let"]
[Site "Pelcovo divadlo Rychnov nad Kneznou, Panska ulice"]
[Date "2015.08.17"]
[Round "3.3"]
[White "Plachetka, Milan"]
[Black "Korinkova, Eva"]
[Result "1/2-1/2"]
[WhiteElo "1598"]
[BlackElo "1734"]
[EventDate "2015.08.15"]
[PlyCount "92"]

1. e4 c5 2. Nf3 g6 3. d4 cxd4 4. Nxd4 Nc6 5. Nxc6 bxc6 6. Bc4 Bg7 7. O-O d6 8.
Nc3 Nf6 9. Be3 O-O 10. Qd2 Ng4 11. Bg5 Be6 12. Bxe6 fxe6 13. h3 Ne5 14. Qe2 Rf7
15. Rab1 Qa5 16. Bd2 Qc7 17. f4 Nd7 18. Qg4 Nf8 19. f5 exf5 20. exf5 Qb6+ 21.
Kh1 Qd4 22. Qxd4 Bxd4 23. fxg6 Nxg6 24. Rxf7 Kxf7 25. Rf1+ Ke6 26. Na4 Rb8 27.
c3 Bf6 28. b4 Ne5 29. Nb2 c5 30. a3 c4 31. Re1 Kd7 32. a4 a6 33. a5 Kc6 34. Bf4
Kd5 35. Rd1+ Ke4 36. Rd4+ Kf5 37. Bxe5 Bxe5 38. g4+ Ke6 39. Rxc4 Kd7 40. Nd3
Bf6 41. Nf4 Rb5 42. Ne2 e5 43. Re4 d5 44. Re3 d4 45. Rf3 Ke6 46. cxd4 exd4
1/2-1/2

[Event "Mistrovstvi CR senioru nad 50 let"]
[Site "Pelcovo divadlo Rychnov nad Kneznou, Panska ulice"]
[Date "2015.08.17"]
[Round "3.4"]
[White "Humlicek, Vojtech"]
[Black "Dolezal, Rudolf"]
[Result "1/2-1/2"]
[WhiteElo "2012"]
[BlackElo "1758"]
[EventDate "2015.08.15"]
[PlyCount "64"]

1. e4 d6 2. d4 e6 3. Nc3 Nf6 4. f4 Be7 5. Nf3 c5 6. d5 O-O 7. Bd3 exd5 8. Nxd5
Nxd5 9. exd5 Nd7 10. c4 Bh4+ 11. g3 Re8+ 12. Kf2 Bf6 13. Qc2 Nf8 14. Bd2 Bg4
15. Bc3 Bxf3 16. Kxf3 Ng6 17. Rhe1 Bxc3 18. Rxe8+ Qxe8 19. Qxc3 Qd7 20. Re1 Re8
21. Rxe8+ Qxe8 22. Bxg6 hxg6 23. Qa5 f5 24. Kf2 a6 25. Qc7 Qe4 26. Qxd6 Qc2+
27. Kg1 Qd1+ 28. Kf2 Qd2+ 29. Kf1 Qd1+ 30. Kf2 Qd2+ 31. Kf3 Qd3+ 32. Kg2 Qe2+
1/2-1/2

[Event "Mistrovstvi CR senioru nad 50 let"]
[Site "Pelcovo divadlo Rychnov nad Kneznou, Panska ulice"]
[Date "2015.08.17"]
[Round "3.6"]
[White "Kubelova, Sona"]
[Black "Kuru, Martin"]
[Result "0-1"]
[WhiteElo "1585"]
[BlackElo "1935"]

[EventDate "2015.08.15"]
[PlyCount "80"]

1. e4 c6 2. d4 d5 3. exd5 cxd5 4. Nc3 Nf6 5. Bg5 Bf5 6. Nf3 Nc6 7. Bb5 e6 8.
O-O Be7 9. Ne5 Qc7 10. Bf4 Bd6 11. Bg3 O-O 12. Re1 Nb4 13. Rc1 a6 14. Ba4 b5
15. Bb3 Rfc8 16. a3 Nc6 17. h4 Na5 18. h5 h6 19. Bf4 Nxb3 20. cxb3 Qb6 21. Qd2
Nxh5 22. Bxh6 Bxe5 23. Rxe5 gxh6 24. Qxh6 Qxd4 25. Rxf5 exf5 26. Qxh5 Qg4 27.
Qh6 Qg6 28. Qf4 Rd8 29. Ne2 Rac8 30. Rd1 Qg4 31. Qd2 Rc6 32. Nd4 Rg6 33. f3 Qg5
34. Qe2 Kh7 35. Rd2 Rc8 36. Qd1 Rgg8 37. Re2 Rc1 38. Qxc1 Qxc1+ 39. Kf2 f4 40.
Nf5 Qh1 0-1

[Event "Mistrovstvi CR senioru nad 60 let"]
[Site "Pelcovo divadlo Rychnov nad Kneznou, Panska ulice"]
[Date "2015.08.17"]
[Round "3.1"]
[White "Trojan, Lubos"]
[Black "Sejkora, Vlastimil"]
[Result "1-0"]
[WhiteElo "1998"]
[BlackElo "2260"]

[EventDate "2015.08.15"]

1. d4  Nf6  2. Nf3  g6
3. Bg5  Bg7  4. Nbd2
d5  5. e3  O-O
6. Be2  c5  7. c3  Nc6
8. O-O  b6  9. Qa4
Bd7  10. Qa3  cxd4
11. cxd4  Re8  12. Rac1
h6  13. Bh4  1-0

[Event "Mistrovstvi CR senioru nad 60 let"]
[Site "Pelcovo divadlo Rychnov nad Kneznou, Panska ulice"]
[Date "2015.08.17"]
[Round "3.2"]
[White "Vorobyov, Yrij"]
[Black "Briza, Jiri"]
[Result "1-0"]
[WhiteElo "2130"]
[BlackElo "1947"]
[EventDate "2015.08.15"]

1. Nf3  Nf6  2. c4  e6
3. g3  d5  4. b3
g6  5. Bb2  Bg7
6. Bg2  O-O  7. O-O  Nc6
8. d4  Re8  9. Nbd2
a5  10. a3  Qe7
11. Qc2  Rd8  12. e4  dxe4
13. Nxe4  Nxe4  14. Qxe4
Qf6  15. Rfd1  Qf5
16. Qxf5  exf5  17. Rab1
Ne7  18. d5  Bxb2
19. Rxb2  Ra6  20. Re1
Kf8  21. Ng5  Ng8
22. Nxh7+  Kg7  23. Ng5
f4  24. gxf4  Rf6
25. Re4  Bf5  26. Rd4
Re8  27. Kf1  b6
28. Re2  Rxe2  29. Kxe2
Rd6  30. Ne4  Rd8
31. Nc3  Re8+  32. Kd2
Nf6  33. Nb5  Re7
34. h3  Ne8  35. d6
cxd6  36. Nxd6  Nxd6
37. Rxd6  Rd7  38. Rxd7
Bxd7  39. b4  axb4
40. axb4  Kf6  41. h4
Ba4  42. Ke3  Ke7
43. Kd4  Bb3  44. c5
bxc5+  45. Kxc5  Be6
46. b5  Kd7  47. Bd5
1-0